| 000 | 01073nam a22003377a 4500 | ||
|---|---|---|---|
| 003 | MN-UlLSGH | ||
| 005 | 20260626150506.0 | ||
| 008 | 260626b mp fp||| |||| 00| 0 mon d | ||
| 040 | _cMN-ULPAL | ||
| 041 | 1 |
_aeng _hmon |
|
| 041 | 1 |
_afre _gmon |
|
| 041 | 1 |
_aspa _hmon |
|
| 041 | 1 |
_arus _hmon |
|
| 041 | 1 |
_achi _hmon |
|
| 041 | 1 |
_aara _hmon |
|
| 084 |
_a67.400.7 _bБ559 |
||
| 100 | 0 |
_aБолорсайхан, Б. _eзохиогч _914235 |
|
| 245 | 0 |
_aХүний эрхийн цагаан толгой / _cЗураач : Э.Мишээл |
|
| 246 | 3 | 1 | _aAlphabet of Human Rights |
| 246 | 3 | 1 | _aАлфавит прав человека |
| 246 | 3 | 1 | _aAlphabet Des Droits De L'homme |
| 246 | 3 | 1 | _aAlfabeto De Derechos Humanos |
| 260 |
_aУлаанбаатар _c2026 |
||
| 300 |
_a84 хуудастай _c21 см |
||
| 336 |
_2rdacontent _atext _btxt |
||
| 337 |
_ardamedia _bunmediated |
||
| 338 |
_avolume _brdacarrier |
||
| 650 | 4 | _aхүний эрх | |
| 700 | 0 |
_aМишээл, Эрдэнэбаяр. _eзураач _916409 |
|
| 942 |
_2ББК _cBK _n0 |
||
| 999 |
_c32439 _d32439 |
||